Normal view MARC view
  • América Latina

Entry Nombre Geográfico

Number of records used in: 33

001 - NÚMERO DE CONTROL

  • campo de control: 1068

003 - IDENTIFICADOR DE NUMERO DE CONTROL

  • campo de control: MX-MxUPN

005 - FECHA Y HORA DE LA ÜLTIMA TRANSACCIÓN

  • campo de control: 20240910151359.0

008 - DATOS DE LONGITUD FIJA

  • campo de control de longitud fija: 240910n| acnnnbabn a ana |d

035 ## - NÚMERO DE CONTROL

  • Número de control: UPN10000001068

040 ## - FUENTE DE CATALOGACIÓN

  • Agencia de catalogación original: MX-MxUPN
  • Lenguaje de catalogación: spa
  • Agencia de transcripción: MX-MxUPN

151 ## - ENCABEZAMIENTO - NOMBRE GEOGRÁFICO

  • Nombre geográfico: América Latina

451 ## - VER DESDE EL RASTREO--NOMBRE GEOGRÁFICO

  • Geographic name: América Española

451 ## - VER DESDE EL RASTREO--NOMBRE GEOGRÁFICO

  • Geographic name: América Hispana

451 ## - VER DESDE EL RASTREO--NOMBRE GEOGRÁFICO

  • Geographic name: Hispanoamérica

451 ## - VER DESDE EL RASTREO--NOMBRE GEOGRÁFICO

  • Geographic name: Iberoamérica

451 ## - VER DESDE EL RASTREO--NOMBRE GEOGRÁFICO

  • Geographic name: Latinoamérica

670 ## - FUENTE EN LA QUE SE LOCALIZARON DATOS

  • Cita de la fuente: R

902 ## - CATALOGADOR

  • Catalogador: MEEG/070197